000 00487nam a2200193 a 4500
001 1755059227213
003 ACL
005 20250813100128.0
008 250813s2002##################000#0#eng##
020 _a9780262632638
082 0 4 _a724.6
_bMUM
100 1 _aMumford, Eric Paul,
_eauthor.
245 1 0 _aThe CIAM Discourse on Urbanism, 1928-1960 :
260 _bMIT Press,
_c2002.
300 _a408 pages
650 0 _aArchitecture.
942 _cENGLISH
040 _aACL
_beng
_cACL
999 _c581749
_d581749